| 000 -ლიდერი |
| ფიქსირებული სიგრძის საკონტროლო ველი |
01060nam a22001937a 4500 |
| 003 - საკონტროლო ნომრის იდენტიფიკატორი |
| საკონტროლო ველი |
Ge_BSU |
| 005 - ბოლო ოპერაციის თარიღი და დრო |
| საკონტროლო ველი |
20250430120351.0 |
| 008 - ფიქსირებული სიგრძის მონაცემთა ელემენტები - ზოგადი ინფორმაცია |
| ფიქსირებული სიგრძის საკონტროლო ველი |
250430s1998 ge ||||| |||| 00| 0 geo d |
| 041 ## - ენის კოდი |
| Language code of text/sound track or separate title |
geo |
| 080 ## - უნივერსალური ათობითი კლასიფიკაციის ინდექსი |
| Universal Decimal Classification number |
63:551.5(075.8) მ-53 |
| 100 ## - მთავარი ჩანაწერი - პიროვნების სახელი |
| Personal name |
მელაძე, გიორგი |
| 9 (RLIN) |
824 |
| 245 ## - ცნობა სათაურის შესახებ |
| Title |
ეკოლოგია აგრომეტეოროლოგიის საფუძვლებით : |
| Remainder of title |
სახელმძღვანელო უმაღლესი სასწავლებლების სტუდენტებისათვის / |
| Statement of responsibility, etc |
გიორგი მელაძე ; რედ. ე.ბ. გოგლიძე. |
| 264 ## - წარმოების, გამოცემის, დისტრიბუციის და სხვა ცნობები |
| გამოცემის, წარმოების, დისტრიბუციის... ადგილი |
თბილისი : |
| გამოცემის, წარმოების, დისტრიბუციის... სახელწოდება |
ავტორის გამოცემა, |
| გამოცემის, წარმოების, დისტრიბუციის... თარიღი |
1998. |
| 300 ## - ფიზიკური აღწერა |
| Extent |
256 გვ. : |
| Other physical details |
ცხრ., ნახ. ; |
| Dimensions |
21 სმ. |
| 504 ## - BIBLIOGRAPHY, ETC. NOTE |
| Bibliography, etc |
ბიბლიოგრ. გვ. 251-253 |
| 653 ## - INDEX TERM--UNCONTROLLED |
| Uncontrolled term |
აგრომეტეოროლოგია |
| 700 ## - ADDED ENTRY--PERSONAL NAME |
| Personal name |
გოგლიძე, ე. |
| Relator term |
რედაქტორი |
| 9 (RLIN) |
24977 |
| 942 ## - ADDED ENTRY ELEMENTS (KOHA) |
| Source of classification or shelving scheme |
|
| Koha item type |
წიგნი |